Online katalóg knižníc regiónu Turca

Ja už viem čítať! (Record no. 21403)

MARC details
000 -LEADER
fixed length control field 01684cam a2200469 a 4500
001 - CONTROL NUMBER
control field 21403
003 - CONTROL NUMBER IDENTIFIER
control field VRT
005 - DATE AND TIME OF LATEST TRANSACTION
control field 20260228143416.0
008 - FIXED-LENGTH DATA ELEMENTS--GENERAL INFORMATION
fixed length control field 240611s1995 xo a bra 000 j slo
015 ## - NATIONAL BIBLIOGRAPHY NUMBER
National bibliography number SNBA1996/0300694
020 ## - INTERNATIONAL STANDARD BOOK NUMBER
International Standard Book Number 8071463493
035 ## - SYSTEM CONTROL NUMBER
System control number SNK000079901
035 ## - SYSTEM CONTROL NUMBER
System control number urn:nbn:sk:snk-amkenr
035 ## - SYSTEM CONTROL NUMBER
System control number urn:nbn:sk:snk-am003uss
035 ## - SYSTEM CONTROL NUMBER
System control number F5937799-FC63-4708-B9F3-96CF6FF17140
039 #9 - LEVEL OF BIBLIOGRAPHIC CONTROL AND CODING DETAIL [OBSOLETE]
Level of rules in bibliographic description 202406161045
Level of effort used to assign nonsubject heading access points csnk01
Level of effort used to assign subject headings 202406161044
Level of effort used to assign classification csnk01
Level of effort used to assign subject headings 202406161027
Level of effort used to assign classification csnk01
Level of effort used to assign subject headings 202406161027
Level of effort used to assign classification csnk01
040 ## - CATALOGING SOURCE
Original cataloging agency SNK
Language of cataloging slo
Transcribing agency SNK
Description conventions AACR2
041 1# - LANGUAGE CODE
Language code of text/sound track or separate title slo
Language code of original eng
044 ## - COUNTRY OF PUBLISHING/PRODUCING ENTITY CODE
MARC country code xo
ISO country code SK
080 ## - UNIVERSAL DECIMAL CLASSIFICATION NUMBER
Universal Decimal Classification number 820-3(087.5)
Edition identifier 1981
100 1# - MAIN ENTRY--PERSONAL NAME
Personal name Guile, Gill,
Dates associated with a name 1955-
Relationship ill
240 10 - UNIFORM TITLE
Uniform title Read by yourself
Language of a work Sovensky
245 10 - TITLE STATEMENT
Title Ja už viem čítať!
Statement of responsibility, etc. ilustroval Gill Guile ; text Terry Dinning ; preložila Katarína Bukovenová
260 ## - PUBLICATION, DISTRIBUTION, ETC.
Place of publication, distribution, etc. Bratislava
Name of publisher, distributor, etc. Junior
Date of publication, distribution, etc. 1995
300 ## - PHYSICAL DESCRIPTION
Extent 122 s.
Other physical details ilustr.
Dimensions 24 cm
500 ## - GENERAL NOTE
General note Ilustrácie na titulnej strane a frontispice
500 ## - GENERAL NOTE
General note Preložené z angličtiny
521 1# - TARGET AUDIENCE NOTE
Target audience note 6-7 rokov
655 #7 - INDEX TERM--GENRE/FORM
Genre/form data or focus term anglické príbehy
Source of term SNKPH
655 #7 - INDEX TERM--GENRE/FORM
Genre/form data or focus term príbehy pre deti
Source of term SNKPH
655 #7 - INDEX TERM--GENRE/FORM
Genre/form data or focus term literatúra pre deti
Source of term SNKPH
700 1# - ADDED ENTRY--PERSONAL NAME
Personal name Dinning, Terry
Relationship aut
700 1# - ADDED ENTRY--PERSONAL NAME
Personal name Bukovenová, Katarína
Relationship trl
911 ## - EQUIVALENCE OR CROSS-REFERENCE-CONFERENCE OR MEETING NAME [LOCAL, CANADA]
Meeting name or jurisdiction name as entry element KN 1996/03
Number [OBSOLETE] 00694
Location of meeting 00755
942 ## - ADDED ENTRY ELEMENTS (KOHA)
Source of classification or shelving scheme Dewey Decimal Classification
Koha item type Krásna literatúra pre deti
Suppress in OPAC No
949 ## - LOCAL PROCESSING INFORMATION (OCLC)
6 17A1014234
a snkSC 89818
b snkKSP 1066/96
s 6100:20140925
949 ## - LOCAL PROCESSING INFORMATION (OCLC)
9 P60, <09>, [BOOK], {629}
a snkC 208
b snk431/960123
949 ## - LOCAL PROCESSING INFORMATION (OCLC)
6 17A0079263
9 P60, <05>, [BOOK], {605}
a snkSC 89818 D1
b snkKSP 1067/96
949 ## - LOCAL PROCESSING INFORMATION (OCLC)
6 273K0198462
a svkpoB 64270
b svkpo413266
o PV 3824/95
Holdings
Stav vyradenia Strata Poškodenie Spôsob nadobudnutia Domovská knižnica Aktuálna knižnica Dátum nadobudnutia Total checkouts Čiarový kód exemplára Date last seen Typ exemplára
      Dar Obecná knižnica Horná Štubňa Obecná knižnica Horná Štubňa 28.02.2026   4736201593 28.02.2026 Krásna literatúra pre deti
Projekt je podporený Slovenskou asociáciou knižníc
Prevádzkuje Turčianska knižnica Martin 2026